Framing public life: perspectives on media and our understanding of the social world
Zapisane w:
| Główni autorzy: | , , |
|---|---|
| Format: | Książka |
| Język: | angielski |
| Wydane: |
Nueva York
Routledge
2001
|
| Wydanie: | 1a. ed |
| Hasła przedmiotowe: | |
| Etykiety: |
Dodaj etykietę
Nie ma etykietki, Dołącz pierwszą etykiete!
|
MARC
| LEADER | 00000cam a2200000 a 4500 | ||
|---|---|---|---|
| 001 | UCE8683 | ||
| 003 | CL-VaPUC | ||
| 008 | 150827e20010000us |||||||||||||||||eng|d | ||
| 020 | |a 0805836535 | ||
| 082 | 0 | 4 | |a 302.23 |b REE |2 21 |
| 100 | 0 | |a Reese, Stephen D |e author |9 581404 | |
| 700 | 0 | |a Gandy, Oscar H |e author |9 581405 | |
| 700 | 0 | |a Grant, August E |e author |9 581406 | |
| 245 | 1 | 0 | |a Framing public life: perspectives on media and our understanding of the social world |
| 250 | |a 1a. ed | ||
| 300 | |a 399 p | ||
| 942 | |c BK | ||
| 945 | |d 20150827 16:13:00 |a dcastane | ||
| 260 | |a Nueva York |b Routledge |c 2001 | ||
| 650 | 0 | |a Medios de comunicación de masas |9 257273 | |
| 650 | 0 | |a Periodismo |9 310113 | |
| 583 | |a last modification |c 20150827 16:13:00 |k Rodrigo Vera | ||
| 999 | |c 360469 |d 360467 | ||
| 952 | |0 0 |1 0 |3 erb |4 0 |6 302_230000000000000_REE_2001 |7 0 |8 A |9 470302 |a BIBCUR |b BIBCUR |i 5195128 |o 302.23 REE 2001 |p 5195128 |r 2025-04-22 |w 2019-11-23 |y BK |z Catalogado en:20150827 |k PER | ||